|
|
|
|
| LEADER |
01074nam a2200313 a 4500 |
| 001 |
28183 |
| 003 |
BD-DhAAL |
| 005 |
20190523131015.0 |
| 008 |
140813s2002 enka b 001 0 eng d |
| 999 |
|
|
|c 32884
|d 32884
|
| 010 |
|
|
|a 2002510839
|
| 020 |
|
|
|a 0192842269
|
| 035 |
|
|
|a (OCoLC)ocm48753875
|
| 040 |
|
|
|a UKM
|c UKM
|d C#P
|d DLC
|d BD-DhAAL
|
| 041 |
|
|
|a eng
|
| 042 |
|
|
|a lccopycat
|
| 050 |
0 |
0 |
|a NA680
|b .C593 2002
|
| 082 |
0 |
4 |
|a 724.6
|2 21
|
| 100 |
1 |
|
|a Colquhoun, Alan,
|d 1921-
|9 5463
|
| 245 |
1 |
0 |
|a Modern architecture /
|c Alan Colquhoun.
|
| 260 |
|
|
|a Oxford ;
|a New York :
|b Oxford University Press,
|c 2002.
|
| 300 |
|
|
|a 287 p. :
|b ill. (some col.) ;
|c 24 cm.
|
| 440 |
|
0 |
|a Oxford history of art
|9 5464
|
| 504 |
|
|
|a Includes bibliographical references (p. 264-269) and index.
|
| 526 |
|
|
|a ARC
|
| 541 |
|
|
|e 28183
|
| 650 |
|
0 |
|a Architecture, Modern
|y 20th century.
|9 5465
|
| 942 |
|
|
|2 ddc
|c BK
|0 1
|
| 952 |
|
|
|0 0
|1 0
|2 ddc
|4 0
|6 724_600000000000000_COL
|7 0
|9 43407
|a BRACUL
|b BRACUL
|c GEN
|d 2014-08-13
|e Trim Education
|l 4
|m 8
|o 724.6 COL
|p 3010028183
|r 2025-08-04
|s 2025-07-02
|t 1
|w 2014-08-13
|y BK
|